Cult films - Statistics

General Stats
  • This quiz has been taken 32 times
  • The average score is 7 of 20
Answer Stats
Filmmakers Clue Film % Correct
John Hughes School truancy caper Ferris Bueller's Day Off
83%
Rob Reiner Rock mockumentary This is Spinal Tap
70%
David Lynch Confusion in the L.A. hills Mulholland Drive
67%
Myrick & Sánchez Home video style horror The Blair Witch Project
63%
Terry Gilliam Dystopian future world Brazil
57%
Steven Spielberg Silent car chase Duel
47%
Peter Jackson Low-budget NZ gore comedy Bad Taste
40%
Hardy & Shaffer Pagan sacrifices The Wicker Man
40%
Ed Wood 1950s B-movie Plan 9 from Outer Space
33%
Malle, Gregory & Shawn Restaurant monologue My Dinner With Andre
30%
Wim Wenders Slow-paced desert film Paris, Texas
30%
Belvaux, Bonzel, Poelvoorde Extreme Belgian art house film Man Bites Dog
20%
Richard Linklater Philosophical animation Waking Life
17%
Ron Fricke Documentary with no narration Baraka
13%
Jim Jarmusch Louisiana swamp setting Down By Law
13%
Michelangelo Antonioni Mojave Desert setting Zabriskie Point
10%
John Ryman Philosophical narrative Galaxies are Colliding
7%
Godfrey Reggio Documentary with no narration Powaqqatsi
7%
Sarafian & Cain Car chase Vanishing Point
7%
Werner Herzog Ski jumping documentary Die große Ekstase des Bildschnitzers Steiner
3%
No matching quizzes found
Score Distribution
Percent of People with Each Score
Percentile by Number Answered
Your Score History
You have not taken this quiz